Ustad mahar ali khan ustad sher ali khan: (Record no. 525980)

000 -LEADER
fixed length control field 00595nam a22001817a 4500
003 - CONTROL NUMBER IDENTIFIER
control field NUST
005 - DATE AND TIME OF LATEST TRANSACTION
control field 20190706140658.0
020 ## - INTERNATIONAL STANDARD BOOK NUMBER
Qualifying information (Hbk)
038 ## - RECORD CONTENT LICENSOR
Staff Name M. Shaban
082 ## - DEWEY DECIMAL CLASSIFICATION NUMBER
Classification number 891.4397
Author Mark SAD
100 ## - MAIN ENTRY--PERSONAL NAME
Personal name Dr. Saadat Ali Saqib
9 (RLIN) 16925
245 ## - TITLE STATEMENT
Title Ustad mahar ali khan ustad sher ali khan:
Remainder of title Funy safar
Statement of responsibility, etc. Dr. Saadat Ali Saqib
260 ## - PUBLICATION, DISTRIBUTION, ETC.
Place of publication, distribution, etc. Lahore :
Name of publisher, distributor, etc. Soufi Anyat Publications,
Date of publication, distribution, etc. 2013.
300 ## - PHYSICAL DESCRIPTION
Extent 152 p. ;
880 ## - ALTERNATE GRAPHIC REPRESENTATION
Linkage 100-01\r
Title ڈاکٹر سعادت علی ثاقب
880 ## - ALTERNATE GRAPHIC REPRESENTATION
Linkage 245-02\r
Title استاد مہر علی خان استاد شیر علی کان فنی سفر /
942 ## - ADDED ENTRY ELEMENTS (KOHA)
Source of classification or shelving scheme
Koha item type Book
Holdings
Withdrawn status Lost status Source of classification or shelving scheme Damaged status Not for loan Permanent Location Current Location Shelving location Date acquired Total Checkouts Full call number Barcode Date last seen Price effective from Koha item type
          Central Library (CL) Central Library (CL) Urdu Literature 07/06/2019   891.4397 SAD CL-E-64 07/06/2019 07/06/2019 Book
© 2023 Central Library, National University of Sciences and Technology. All Rights Reserved.